Pokémon aus Generation 2 - Statistiken

Allgemein
  • Dieses Quiz wurde 67 mal gespielt
  • Das Durchschnittsergebnis liegt bei 72 aus 100
Antwortstatistiken
Hint Antwort % Korrekt
155 Feurigel
97%
158 Karnimani
97%
157 Tornupto
97%
156 Igelavar
95%
160 Impergator
95%
154 Meganie
95%
159 Tyracroc
95%
152 Endivie
92%
153 Lorblatt
92%
244 Entei
89%
245 Suicune
89%
181 Ampharos
86%
250 Ho-Oh
86%
163 Hoothoot
86%
249 Lugia
86%
243 Raikou
86%
179 Voltilamm
86%
251 Celebi
84%
248 Despotar
84%
246 Larvitar
84%
247 Pupitar
84%
230 Seedraking
84%
208 Stahlos
84%
175 Togepi
84%
180 Waaty
84%
165 Ledyba
81%
164 Noctuh
81%
212 Scherox
81%
176 Togetic
81%
161 Wiesor
81%
239 Elekid
78%
166 Ledian
78%
197 Nachtara
78%
196 Psiana
78%
162 Wiesenior
78%
199 Laschoking
76%
240 Magby
76%
241 Miltank
76%
172 Pichu
76%
184 Azumarill
73%
187 Hoppspross
73%
229 Hundemon
73%
183 Marill
73%
186 Quaxo
73%
192 Sonnflora
73%
191 Sonnkern
73%
168 Ariados
70%
182 Blubella
70%
188 Hubelupf
70%
228 Hunduster
70%
201 Icognito
70%
237 Kapoera
70%
170 Lampi
70%
171 Lanturn
70%
227 Panzaeron
70%
173 Pii
70%
200 Traunfugil
70%
167 Webarak
70%
225 Botogel
68%
174 Fluffeluff
68%
205 Forstellka
68%
177 Natu
68%
189 Papungha
68%
220 Quiekel
68%
202 Woingenau
68%
178 Xatu
68%
242 Heiteira
65%
221 Keifel
65%
198 Kramurx
65%
238 Kussilla
65%
185 Mogelbaum
65%
193 Yanma
65%
194 Felino
62%
203 Girafarig
62%
169 Iksbat
62%
224 Octillery
62%
236 Rabauz
62%
214 Skaraborn
62%
215 Sniebel
62%
217 Ursaring
62%
190 Griffel
59%
195 Morlord
59%
223 Remoraid
59%
218 Schneckmag
59%
204 Tannza
59%
216 Teddiursa
59%
211 Baldorfish
57%
222 Corasonn
57%
219 Magcargo
57%
226 Mantax
57%
213 Pottrott
57%
232 Donphan
54%
233 Porygon2
54%
206 Dummisel
51%
210 Granbull
51%
231 Phanpy
51%
209 Snubbull
51%
234 Damhirplex
49%
207 Skorgla
49%
235 Farbeagle
46%
Keine übereinstimmenden Quizze gefunden
Verteilung der Resultate
Anzahl Personen mit jedem Resultat
Perzentil nach korrekt beantworteten Fragen
Ihre Resultats-Entwicklung
Sie haben dieses Quiz noch nicht gespielt